Normal view
MARC view
Entry Topical Term
001 - CONTROL NUMBER
- control field: 265192
003 - CONTROL NUMBER IDENTIFIER
- control field: OSt
005 - DATE AND TIME OF LATEST TRANSACTION
- control field: 20260604092143.0
008 - FIXED-LENGTH DATA ELEMENTS
- fixed length control field: 260604|| aca||aabn | a|a d
040 ## - CATALOGING SOURCE
- Original cataloging agency: OSt
- Transcribing agency: OSt
150 ## - HEADING--TOPICAL TERM
- Topical term or geographic name entry element: women's movement
670 ## - SOURCE DATA FOUND
- Source citation: Work cat.: (OSt)102892: GAYATRI (N). ಎನ್. ಗಾಯತ್ರಿ 265187, Mahila chaluvaliya majalugalu., 1998